000 00655nam a2200241Ia 4500
003 OSt
005 20221007071108.0
006 a|||||r|||| 00| 0
007 ta
008 221006b |||||||| |||| 00| 0 eng d
024 _a22,005
037 _cTextual
040 _aFLL
_cFLL
_beng
041 _2eng
_aeng
082 _aZ236:211:4, H6;1
100 _aAnand C. L.
245 0 _aPunjab alientation of land act xiii of 1900
250 _a5th
260 _aLahore
_bThe University Book Agency Pakistan
_c1946
300 _axviii,221,xi
_ccm.
942 _hZ236:211:4, H6;1
_cTEXL
_2CC
999 _c1142431
_d1142431